AH International Schools' Libraries

Raccoon on the moon / (Record no. 48102)

MARC details
000 -LEADER
fixed length control field 00390nam a2200133 4500
020 ## - INTERNATIONAL STANDARD BOOK NUMBER
International Standard Book Number 978-1409580409
100 ## - MAIN ENTRY--PERSONAL NAME
Personal name Punter, Russell.
9 (RLIN) 51278
245 ## - TITLE STATEMENT
Title Raccoon on the moon /
Statement of responsibility, etc Russell Punter.
260 ## - PUBLICATION, DISTRIBUTION, ETC. (IMPRINT)
Place of publication, distribution, etc London:
Name of publisher, distributor, etc Usborne;
Date of publication, distribution, etc 2015.
300 ## - PHYSICAL DESCRIPTION
Extent unpaged.
Other physical details col. ill.
Dimensions 20 cm.
490 ## - SERIES STATEMENT
Series statement Usborne phonics readers;
700 ## - ADDED ENTRY--PERSONAL NAME
Relator code illustrator.
Personal name David Semple.
9 (RLIN) 85831
942 ## - ADDED ENTRY ELEMENTS (KOHA)
Source of classification or shelving scheme
Koha item type Book
Holdings
Withdrawn status Lost status Source of classification or shelving scheme Damaged status Not for loan Home library Current library Shelving location Date acquired Total Checkouts Full call number Barcode Checked out Date last seen Date checked out Price effective from Koha item type
          Asian Hope Early Years Library Asian Hope Early Years Library Easy Reading 12/11/2024 9 E PUN 206688 03/17/2026 03/17/2026 03/17/2026 12/11/2024 Book

For any Logos Library related questions please contact Miss Art at swongnarasuk@asianhope.org.

For any Asian Hope Library related questions please contact Miss Raza at graza@asianhope.org.

Powered by Koha